000 00680nam a2200181 4500
001 149083
003 ES-MaACL
005 20230906202936.0
007 t|
008 070214s1911 xxu r ||||1| eng d
100 1 _aSwanton, John Reed.
_9108924
245 1 0 _aIndian tribes of the lower Mississippi Valley and adjacement coast of the Gulf of Mexico /
_cby John R. Swanton.
260 _aWashington :
_bGovernment Printing Office,
_c1911.
300 _aVI, 387 p., 32 lám. ;
_c24 cm +
_e1 map. col. pleg.
500 _aPrecede al tít.: Bureau of American Ethnology.
710 2 _aSmithsonian Institution.
_bBureau of American Ethnology.
_96625
852 _aES-MaACL
_jG-15399
999 _c149083
_d149083